000 00356nam a2200145Ia 4500
008 230917s9999||||xx |||||||||||||| ||und||
040 _e40513
_aMAIN
041 _aEnglish
082 _a810.9 T734C
100 _aTrikha, Manorama, ed
245 0 _aCanadian literature: recent essays
260 _aDelhi
_bPencraft
_c1994
300 _a261 p.
942 _cBK
999 _c78733
_d78733